O espelho mágico de maurits cornelis escher (Registro nro. 59735)

Detalles MARC
000 -ENCABEZADO
Número de control [NR] 00780nam a2200229Ia 4500
005 - FECHA Y HORA DE LA ÚLTIMA TRANSACCIÓN
control field 20211111080539.0
008 - DE LONGITUD FIJA DE DATOS DE ELEMENTOS - INFORMACIÓN GENERAL
Elementos de longitud fija [NR] 130821s2007 ko a gr por
020 ## - NUMERO INTERNACIONAL NORMALIZADO PARA LIBROS [R]
Número Internacional Normalizado del libro [NR] 9783822837078
040 ## - FUENTE DE CATALOGACION [NR]
Agencia de catalogación original [NR] CO-BoUCM
Idioma de catalogación [NR] spa
Quien Cataloga Jose A. Gerena (modificó)
Quien Clasifica [Nuevo]
041 00 - CODIGO DE IDIOMA [R]
Código de idioma para texto/pista de sonido o título separado [R] Portugués
100 1# - ASIENTO PRINCIPAL--NOMBRE PERSONAL [NR]
Nombre personal [NR] Ernst, Bruno
ID Autoridad 82716
245 12 - MENCION DE TITULO [NR]
Título [NR] O espelho mágico de maurits cornelis escher
Mención de responsabilidad, etc. [NR] Bruno Ernst
260 ## - PUBLICACION, DISTRIBUCION, ETC. (PIE DE IMPRENTA) [R]
Lugar de publicación, distribución, etc. [R] Seúl (Corea del Sur)
Nombre del editor, distribuidor, etc. [R] Taschen
Fecha de publicación, distribución, etc. [R] 2007
300 ## - DESCRIPCION FISICA [R]
Extensión [R] 116 páginas
Otros detalles físicos [NR] ilustraciones
600 ## - ASIENTO SECUNDARIO DE MATERIA - NOMBRE PERSONAL [R]
Nombre personal [NR] Escher, Maurice Cornelis
Subdivisión general [R] Crítica e interpretación, etc.
9 (RLIN) 82717
650 04 - ASIENTO SECUNDARIO DE MATERIA - TERMINO TEMATICO [R]
Término temático o nombre geográfico como elemento de entrada [NR] Arte
9 (RLIN) 9444
650 04 - ASIENTO SECUNDARIO DE MATERIA - TERMINO TEMATICO [R]
Término temático o nombre geográfico como elemento de entrada [NR] Pintura
Subdivisión geográfica [R] Holanda
Subdivisión general [R] Historia
9 (RLIN) 21523
650 04 - ASIENTO SECUNDARIO DE MATERIA - TERMINO TEMATICO [R]
Término temático o nombre geográfico como elemento de entrada [NR] Utopías
9 (RLIN) 26042
690 #0 - ASUNTO AGREGADO LOCAL DE ENTRADA - TÉRMINO TEMÁTICO (OCLC, RLIN)
Acceso temático local Arte
9 (RLIN) 9444
942 ## - ELEMENTOS DE ENTRADA AGREGADOS (KOHA)
Tipo de ítem principal el descrito en 300a Libro
Tema principal Arte
Edición 1
Parte restante de la signatura top. E714e
Sistema de clasificación DEWEY
Clasificación 750.492
Existencias
Signatura topográfica Código de barras Última vez visto Ejemplar Price effective from Tipo de ítem Nota pública (OPAC) Perdido Sistema de clasificación Dañado No prestable Tipo de ítem específico Suprimido Ubicación habitual Ubicación actual Localización Fecha de creación Forma de adquisición Costo
750.492 E714e 100097028 05/12/2025 Ej.1 03/02/2013 Libro Spot Artes Visuales   DEWEY     Libro   Claustro Claustro Mezanine 30/09/2009 Compra 118000.00